Statystyki dla Państwa Świata: Stolice na "P"

Kliknij tutaj aby rozwiązać quiz!

Ogólne statystyki

  • Ten quiz został rozwiązany 29 razy
    (22 od ostatniego zresetowania)
  • Średni wynik to 7 z 18

Statystyki odpowiedzi

NumerStolica% Poprawnych
6Pekin
75%
9Praga
70%
3Paryż
65%
1Panama
60%
5Pjongjang
50%
4Prisztina
45%
7Podgorica
40%
14Port-au-Prince
35%
15Port-of-Spain
35%
10Pretoria
35%
18Palikir
30%
8Porto-Novo
30%
13Port Louis
25%
16Port Moresby
25%
17Port Vila
25%
2Paramaribo
20%
11Phnom Penh
20%
12Praia
10%

Rozkład punktacji

Percentyl według liczby udzielonych odpowiedzi

Procent ludzi z każdym wynikiem

Twoja historia wyników

Nie rozwiązałeś tego quizu od ostatniego zresetowania